A study of ethical employment practices of selected gasoline stations in 1st District of Cavite / (Record no. 5142)

MARC details
000 -LEADER
fixed length control field 01379nam a22003137a 4500
003 - CONTROL NUMBER IDENTIFIER
control field OSt
005 - DATE AND TIME OF LATEST TRANSACTION
control field 20260413040026.0
008 - FIXED-LENGTH DATA ELEMENTS--GENERAL INFORMATION
fixed length control field 260407b |||||||| |||| 00| 0 eng d
040 ## - CATALOGING SOURCE
Language of cataloging English.
Transcribing agency CvSU-CCAT Campus Library.
Description conventions rda.
050 ## - LIBRARY OF CONGRESS CALL NUMBER
Classification number UM HF 5549.5.E44
Item number A23 2023
100 ## - MAIN ENTRY--PERSONAL NAME
Personal name Abarro, Robin Ace M., author.
9 (RLIN) 20308
245 ## - TITLE STATEMENT
Title A study of ethical employment practices of selected gasoline stations in 1st District of Cavite /
Statement of responsibility, etc. Robin Ace M. Abarro, Arvin S. Estacion, Shiera V. Ranes.
260 ## - PUBLICATION, DISTRIBUTION, ETC.
Place of publication, distribution, etc. Rosario, Cavite :
Name of publisher, distributor, etc. Cavite State University-CCAT Campus,
Date of publication, distribution, etc. 2023.
300 ## - PHYSICAL DESCRIPTION
Extent ii, 89 leaves :
Other physical details illustrations ;
Dimensions 28 cm
500 ## - GENERAL NOTE
General note Undergraduate Thesis (BSBA) -- Cavite State University-CCAT Campus, 2023.
504 ## - BIBLIOGRAPHY, ETC. NOTE
Bibliography, etc. note Includes bibliographical references and appendices.
546 ## - LANGUAGE NOTE
Language note In English text
650 ## - SUBJECT ADDED ENTRY--TOPICAL TERM
Topical term or geographic name entry element Business ethics
9 (RLIN) 1048
650 ## - SUBJECT ADDED ENTRY--TOPICAL TERM
Topical term or geographic name entry element Employee motivation
9 (RLIN) 9546
650 ## - SUBJECT ADDED ENTRY--TOPICAL TERM
Topical term or geographic name entry element Employee relations
9 (RLIN) 20309
650 ## - SUBJECT ADDED ENTRY--TOPICAL TERM
Topical term or geographic name entry element Gasoline stations -- Employees -- Management
9 (RLIN) 20310
650 ## - SUBJECT ADDED ENTRY--TOPICAL TERM
Topical term or geographic name entry element Cavite (Philippines) -- Commerce
9 (RLIN) 18868
700 ## - ADDED ENTRY--PERSONAL NAME
Personal name Estacion, Arvin S., author.
9 (RLIN) 20311
700 ## - ADDED ENTRY--PERSONAL NAME
Personal name Ranes, Shiera V., author.
9 (RLIN) 20312
700 ## - ADDED ENTRY--PERSONAL NAME
Personal name Ambas, Arman M., adviser.
9 (RLIN) 6624
700 ## - ADDED ENTRY--PERSONAL NAME
Personal name Abad, Juvie B., technical adviser.
9 (RLIN) 20313
942 ## - ADDED ENTRY ELEMENTS (KOHA)
Source of classification or shelving scheme Library of Congress Classification
Koha item type Thesis/Manuscripts/Dissertations
Classification part HF 5549.5.E44 A23 2023
Call number prefix UM
Holdings
Withdrawn status Lost status Source of classification or shelving scheme Damaged status Not for loan Collection code Home library Current library Shelving location Date acquired Coded location qualifier Total Checkouts Full call number Barcode Date last seen Copy number Price effective from Koha item type
    Library of Congress Classification     Thesis/Manuscript/Dissertation Cavite State University - CCAT Campus Cavite State University - CCAT Campus TH 01/26/2026 UM   UM HF 5549.5.E44 A23 2023 T0005607 04/07/2026 1 04/08/2026 Thesis/Manuscripts/Dissertations